Evolución de las políticas sociales en Chile 1964-1980
保存先:
| 第一著者: | |
|---|---|
| フォーマット: | 図書 |
| 言語: | スペイン語 |
| 出版事項: |
Santiago
Naciones Unidas
1983
|
| 主題: | |
| タグ: |
タグ追加
タグなし, このレコードへの初めてのタグを付けませんか!
|
MARC
| LEADER | 00000nam a2200000 a 4500 | ||
|---|---|---|---|
| 001 | UCW4135 | ||
| 003 | CL-VaPUC | ||
| 008 | 890922e19830000CL |||||||||||||||||spa|d | ||
| 082 | 0 | 4 | |a 303.44 |b LAV |2 21 |
| 100 | |a Lavados Montes, Iván |e author |9 761237 | ||
| 245 | 1 | 0 | |a Evolución de las políticas sociales en Chile 1964-1980 |
| 300 | |a 153 p | ||
| 942 | |c BK | ||
| 945 | |d 19890922 00:00:00 | ||
| 260 | |a Santiago |b Naciones Unidas |c 1983 | ||
| 650 | 0 | |a Planificación regional |9 257050 | |
| 650 | 7 | |a POLITICA SOCIAL 1964-1980 |2 CL-VaPUC |9 308701 | |
| 651 | 7 | |a CHILE |2 CL-VaPUC |9 308702 | |
| 583 | |a last modification |c 19890922 00:00:00 |k Rodrigo Vera | ||
| 999 | |c 217931 |d 217929 | ||
| 952 | |0 0 |1 0 |4 0 |6 303_440000000000000_LAV_1983 |7 0 |8 A |9 206616 |a BIBEDU |b BIBEDU |d 2019-11-15 |i 2744457 |o 303.44 LAV 1983 |p 2744457 |r 2019-11-15 |w 2019-11-15 |y BK |k EDU | ||
| 952 | |0 0 |1 0 |4 0 |6 303_440000000000000_LAV_1983 |7 0 |8 A |9 206617 |a BIBGIM |b BIBGIM |d 2019-11-15 |i 4342607 |o 303.44 LAV 1983 |p 4342607 |r 2025-01-15 |w 2019-11-15 |y BK |k GIM | ||